| 000 | 00925nas a2200289 4500 | ||
|---|---|---|---|
| 001 | BR0405617 | ||
| 003 | BR-BrBNA | ||
| 005 | 20231205105007.0 | ||
| 007 | ta | ||
| 008 | 230509b bl.|||p| |||| 00| 00por d | ||
| 040 |
_aBR-BrBNA _bpor _cBiblioteca Nacional de Agricultura |
||
| 041 | _a(Pt) | ||
| 072 | _aF30; F50 | ||
| 100 | 1 | _aMartins Netto, D.A. | |
| 100 | 1 | _aSouza, I.R.P. de | |
| 100 | 1 | _aOliveira, A.C. de | |
| 100 | 1 | _aPinto, C.A.B.P. | |
| 100 | 1 | _aAndrade, R.V. de | |
| 245 | 1 | _aAvaliação agronômica e molecular de acessos da coleção núcleo de milho, subgrupo endosperma duro | |
| 650 | _aMILHO | ||
| 650 | _aCARACTERÍSTICAS AGRONÔMICAS | ||
| 650 | _aGERMOPLASMA | ||
| 650 | _aPARÂMETRO GENÉTICO | ||
| 773 | 0 |
_tRevista Brasileira de Milho e Sorgo (Brazil) _xISSN 1676-689X _g(Jan-Apr 2004), v. 3(1) p. 92-107 _wBR0405617 |
|
| 909 |
_a202311 _bLúcia _c55 _dLúcia Elande |
||
| 942 |
_2AGRIS _n0 _cANA |
||
| 999 |
_c180670 _d180670 |
||